000 00286nam a22001337a 4500
008 181226b xxu||||| |||| 00| 0 eng d
020 _a9780323007566
041 _aeng
080 _a610
100 _a4
101 _aSHM
245 _aMinor Emergncies
_cThomas.S
942 _2udc
_cBK
999 _c53795
_d53795